<?xml version="1.0" encoding="UTF-8"?>
<record
    xmlns:xsi="http://www.w3.org/2001/XMLSchema-instance"
    xsi:schemaLocation="http://www.loc.gov/MARC21/slim http://www.loc.gov/standards/marcxml/schema/MARC21slim.xsd"
    xmlns="http://www.loc.gov/MARC21/slim">

  <leader>02939    a2200241   4500</leader>
  <controlfield tag="003">NALT</controlfield>
  <controlfield tag="005">20240509135704.0</controlfield>
  <controlfield tag="008">240409b        th ||||| |||| 00| 0 tha d</controlfield>
  <datafield tag="020" ind1=" " ind2=" ">
    <subfield code="a">9786165620482</subfield>
  </datafield>
  <datafield tag="040" ind1=" " ind2=" ">
    <subfield code="a">NALT</subfield>
  </datafield>
  <datafield tag="050" ind1=" " ind2=" ">
    <subfield code="a">DS 586</subfield>
    <subfield code="b">&#xE0A;152&#xE04; 2566</subfield>
  </datafield>
  <datafield tag="100" ind1="0" ind2=" ">
    <subfield code="a">&#xE0A;&#xE19;&#xE34;&#xE14;&#xE32; &#xE0A;&#xE34;&#xE15;&#xE1A;&#xE31;&#xE13;&#xE11;&#xE34;&#xE15;&#xE22;&#xE4C;</subfield>
    <subfield code="9">52841</subfield>
  </datafield>
  <datafield tag="245" ind1="1" ind2="0">
    <subfield code="a">&#xE42;&#xE04;&#xE23;&#xE07;&#xE01;&#xE32;&#xE23;&#xE2D;&#xE31;&#xE19;&#xE40;&#xE19;&#xE37;&#xE48;&#xE2D;&#xE07;&#xE21;&#xE32;&#xE08;&#xE32;&#xE01;&#xE1E;&#xE23;&#xE30;&#xE23;&#xE32;&#xE0A;&#xE14;&#xE33;&#xE23;&#xE34; : </subfield>
    <subfield code="b">&#xE01;&#xE32;&#xE23;&#xE2A;&#xE16;&#xE32;&#xE1B;&#xE19;&#xE32;&#xE1E;&#xE23;&#xE30;&#xE23;&#xE32;&#xE0A;&#xE2D;&#xE33;&#xE19;&#xE32;&#xE08;&#xE19;&#xE33;&#xE43;&#xE19;&#xE1E;&#xE23;&#xE30;&#xE1A;&#xE32;&#xE17;&#xE2A;&#xE21;&#xE40;&#xE14;&#xE47;&#xE08;&#xE1E;&#xE23;&#xE30;&#xE40;&#xE08;&#xE49;&#xE32;&#xE2D;&#xE22;&#xE39;&#xE48;&#xE2B;&#xE31;&#xE27; /</subfield>
    <subfield code="c">&#xE0A;&#xE19;&#xE34;&#xE14;&#xE32; &#xE0A;&#xE34;&#xE15;&#xE1A;&#xE31;&#xE13;&#xE11;&#xE34;&#xE15;&#xE22;&#xE4C;.</subfield>
  </datafield>
  <datafield tag="250" ind1=" " ind2=" ">
    <subfield code="a">&#xE1E;&#xE34;&#xE21;&#xE1E;&#xE4C;&#xE04;&#xE23;&#xE31;&#xE49;&#xE07;&#xE17;&#xE35;&#xE48; 3.</subfield>
  </datafield>
  <datafield tag="260" ind1=" " ind2=" ">
    <subfield code="a">&#xE01;&#xE23;&#xE38;&#xE07;&#xE40;&#xE17;&#xE1E;&#xE2F; : </subfield>
    <subfield code="b">&#xE2A;&#xE21;&#xE21;&#xE15;&#xE34;, </subfield>
    <subfield code="c">2566.</subfield>
  </datafield>
  <datafield tag="300" ind1=" " ind2=" ">
    <subfield code="a">[23], 563 &#xE2B;&#xE19;&#xE49;&#xE32; : </subfield>
    <subfield code="b">&#xE20;&#xE32;&#xE1E;&#xE1B;&#xE23;&#xE30;&#xE01;&#xE2D;&#xE1A; ;</subfield>
    <subfield code="c">21 &#xE0B;&#xE21;.</subfield>
  </datafield>
  <datafield tag="505" ind1="2" ind2=" ">
    <subfield code="a">&#xE1A;&#xE17;&#xE17;&#xE35;&#xE48; 1 &#xE42;&#xE04;&#xE23;&#xE07;&#xE01;&#xE32;&#xE23;&#xE2D;&#xE31;&#xE19;&#xE40;&#xE19;&#xE37;&#xE48;&#xE2D;&#xE07;&#xE21;&#xE32;&#xE08;&#xE32;&#xE01;&#xE1E;&#xE23;&#xE30;&#xE23;&#xE32;&#xE0A;&#xE14;&#xE33;&#xE23;&#xE34;: &#xE01;&#xE32;&#xE23;&#xE2A;&#xE16;&#xE32;&#xE1B;&#xE19;&#xE32;&#xE1E;&#xE23;&#xE30;&#xE23;&#xE32;&#xE0A;&#xE2D;&#xE33;&#xE19;&#xE32;&#xE08;&#xE19;&#xE33;&#xE43;&#xE19;&#xE1E;&#xE23;&#xE30;&#xE1A;&#xE32;&#xE17;&#xE2A;&#xE21;&#xE40;&#xE14;&#xE47;&#xE08;&#xE1E;&#xE23;&#xE30;&#xE40;&#xE08;&#xE49;&#xE32;&#xE2D;&#xE22;&#xE39;&#xE48;&#xE2B;&#xE31;&#xE27;&#xE20;&#xE39;&#xE21;&#xE34;&#xE1E;&#xE25;&#xE2D;&#xE14;&#xE38;&#xE25;&#xE22;&#xE40;&#xE14;&#xE0A; -- &#xE1A;&#xE17;&#xE17;&#xE35;&#xE48; 2 &#xE42;&#xE04;&#xE23;&#xE07;&#xE01;&#xE32;&#xE23;&#xE1E;&#xE23;&#xE30;&#xE23;&#xE32;&#xE0A;&#xE14;&#xE33;&#xE23;&#xE34; : &#xE22;&#xE38;&#xE04;&#xE01;&#xE48;&#xE2D;&#xE01;&#xE33;&#xE40;&#xE19;&#xE34;&#xE14; (&#xE1E;.&#xE28;.2494 - 2500) -- &#xE1A;&#xE17;&#xE17;&#xE35;&#xE48; 3 &#xE42;&#xE04;&#xE23;&#xE07;&#xE01;&#xE32;&#xE23;&#xE1E;&#xE23;&#xE30;&#xE23;&#xE32;&#xE0A;&#xE14;&#xE33;&#xE23;&#xE34; : &#xE22;&#xE38;&#xE04;&#xE01;&#xE32;&#xE23;&#xE1E;&#xE31;&#xE12;&#xE19;&#xE32;&#xE40;&#xE1E;&#xE37;&#xE48;&#xE2D;&#xE04;&#xE27;&#xE32;&#xE21;&#xE21;&#xE31;&#xE48;&#xE19;&#xE04;&#xE07; (&#xE1E;.&#xE28;.2501 - 2523) -- &#xE1A;&#xE17;&#xE17;&#xE35;&#xE48; 4 &#xE42;&#xE04;&#xE23;&#xE07;&#xE01;&#xE32;&#xE23;&#xE1E;&#xE23;&#xE30;&#xE23;&#xE32;&#xE0A;&#xE14;&#xE33;&#xE23;&#xE34; : &#xE22;&#xE38;&#xE04;&#xE01;&#xE33;&#xE40;&#xE19;&#xE34;&#xE14;&#xE2D;&#xE07;&#xE04;&#xE4C;&#xE01;&#xE23;&#xE1B;&#xE23;&#xE30;&#xE2A;&#xE32;&#xE19;&#xE07;&#xE32;&#xE19; (&#xE1E;.&#xE28;.2524 - 2530) -- &#xE1A;&#xE17;&#xE17;&#xE35;&#xE48; 5 &#xE42;&#xE04;&#xE23;&#xE07;&#xE01;&#xE32;&#xE23;&#xE1E;&#xE23;&#xE30;&#xE23;&#xE32;&#xE0A;&#xE14;&#xE33;&#xE23;&#xE34; : &#xE22;&#xE38;&#xE04;&#xE01;&#xE33;&#xE40;&#xE19;&#xE34;&#xE14; &#x2018;&#xE2D;&#xE07;&#xE04;&#xE4C;&#xE01;&#xE23;&#xE40;&#xE2D;&#xE01;&#xE0A;&#xE19;&#x2019; (&#xE1E;.&#xE28;.2531 - &#xE1B;&#xE31;&#xE08;&#xE08;&#xE38;&#xE1A;&#xE31;&#xE19;) -- &#xE1A;&#xE17;&#xE17;&#xE35;&#xE48; 6 &#x2018;&#xE40;&#xE04;&#xE23;&#xE37;&#xE2D;&#xE02;&#xE48;&#xE32;&#xE22;&#xE43;&#xE19;&#xE2B;&#xE25;&#xE27;&#xE07;&#x2019; : &#xE01;&#xE32;&#xE23;&#xE2A;&#xE23;&#xE49;&#xE32;&#xE07;&#xE01;&#xE25;&#xE38;&#xE48;&#xE21;&#xE17;&#xE32;&#xE07;&#xE1B;&#xE23;&#xE30;&#xE27;&#xE31;&#xE15;&#xE34;&#xE28;&#xE32;&#xE2A;&#xE15;&#xE23;&#xE4C;&#xE41;&#xE25;&#xE30;&#xE1B;&#xE31;&#xE0D;&#xE0D;&#xE32;&#xE0A;&#xE19;&#xE02;&#xE2D;&#xE07;&#xE42;&#xE04;&#xE23;&#xE07;&#xE01;&#xE32;&#xE23;&#xE1E;&#xE23;&#xE30;&#xE23;&#xE32;&#xE0A;&#xE14;&#xE33;&#xE23;&#xE34; -- &#xE1A;&#xE17;&#xE17;&#xE35;&#xE48; 7 &#xE1A;&#xE17;&#xE2A;&#xE23;&#xE38;&#xE1B;: &#xE01;&#xE32;&#xE23;&#xE2A;&#xE16;&#xE32;&#xE1B;&#xE19;&#xE32;&#xE2D;&#xE33;&#xE19;&#xE32;&#xE08;&#xE19;&#xE33; &#xE2D;&#xE38;&#xE14;&#xE21;&#xE01;&#xE32;&#xE23;&#xE13;&#xE4C; &#xE41;&#xE25;&#xE30;&#xE1B;&#xE0F;&#xE34;&#xE1A;&#xE31;&#xE15;&#xE34;&#xE01;&#xE32;&#xE23;&#xE17;&#xE32;&#xE07;&#xE2D;&#xE38;&#xE14;&#xE21;&#xE01;&#xE32;&#xE23;&#xE13;&#xE4C;&#xE43;&#xE19;&#xE1E;&#xE23;&#xE30;&#xE1A;&#xE32;&#xE17;&#xE2A;&#xE21;&#xE40;&#xE14;&#xE47;&#xE08;&#xE1E;&#xE23;&#xE30;&#xE40;&#xE08;&#xE49;&#xE32;&#xE2D;&#xE22;&#xE39;&#xE48;&#xE2B;&#xE31;&#xE27;&#xE1C;&#xE48;&#xE32;&#xE19;&#xE42;&#xE04;&#xE23;&#xE07;&#xE01;&#xE32;&#xE23;&#xE2D;&#xE31;&#xE19;&#xE40;&#xE19;&#xE37;&#xE48;&#xE2D;&#xE07;&#xE21;&#xE32;&#xE08;&#xE32;&#xE01;&#xE1E;&#xE23;&#xE30;&#xE23;&#xE32;&#xE0A;&#xE14;&#xE33;&#xE23;&#xE34;.</subfield>
  </datafield>
  <datafield tag="600" ind1="0" ind2="4">
    <subfield code="a">&#xE20;&#xE39;&#xE21;&#xE34;&#xE1E;&#xE25;&#xE2D;&#xE14;&#xE38;&#xE25;&#xE22;&#xE40;&#xE14;&#xE0A;,</subfield>
    <subfield code="c">&#xE1E;&#xE23;&#xE30;&#xE1A;&#xE32;&#xE17;&#xE2A;&#xE21;&#xE40;&#xE14;&#xE47;&#xE08;&#xE1E;&#xE23;&#xE30;&#xE40;&#xE08;&#xE49;&#xE32;&#xE2D;&#xE22;&#xE39;&#xE48;&#xE2B;&#xE31;&#xE27;,  </subfield>
    <subfield code="d">2470-2559</subfield>
    <subfield code="x">&#xE1E;&#xE23;&#xE30;&#xE23;&#xE32;&#xE0A;&#xE01;&#xE23;&#xE13;&#xE35;&#xE22;&#xE01;&#xE34;&#xE08;</subfield>
    <subfield code="9">43748</subfield>
  </datafield>
  <datafield tag="650" ind1=" " ind2="4">
    <subfield code="a">&#xE42;&#xE04;&#xE23;&#xE07;&#xE01;&#xE32;&#xE23;&#xE2D;&#xE31;&#xE19;&#xE40;&#xE19;&#xE37;&#xE48;&#xE2D;&#xE07;&#xE21;&#xE32;&#xE08;&#xE32;&#xE01;&#xE1E;&#xE23;&#xE30;&#xE23;&#xE32;&#xE0A;&#xE14;&#xE33;&#xE23;&#xE34;</subfield>
    <subfield code="9">469</subfield>
  </datafield>
  <datafield tag="942" ind1=" " ind2=" ">
    <subfield code="c">GB</subfield>
    <subfield code="2">lcc</subfield>
  </datafield>
  <datafield tag="996" ind1=" " ind2=" ">
    <subfield code="a">saiphon.d</subfield>
    <subfield code="b">CATSTF	</subfield>
    <subfield code="c">2024-04-09</subfield>
  </datafield>
  <datafield tag="999" ind1=" " ind2=" ">
    <subfield code="c">104874</subfield>
    <subfield code="d">104874</subfield>
  </datafield>
  <datafield tag="998" ind1=" " ind2=" ">
    <subfield code="j">111</subfield>
    <subfield code="k"> &#xE19;&#xE32;&#xE07;&#xE2A;&#xE32;&#xE27;&#xE1E;&#xE08;&#xE1E;&#xE34;&#xE13;  &#xE1E;&#xE23;&#xE21;&#xE40;&#xE2D;&#xE35;&#xE48;&#xE22;&#xE21;</subfield>
  </datafield>
  <datafield tag="952" ind1=" " ind2=" ">
    <subfield code="0">0</subfield>
    <subfield code="1">0</subfield>
    <subfield code="2">lcc</subfield>
    <subfield code="4">0</subfield>
    <subfield code="7">0</subfield>
    <subfield code="8">CGBL</subfield>
    <subfield code="a">NALT</subfield>
    <subfield code="b">NALT</subfield>
    <subfield code="c">GEN</subfield>
    <subfield code="d">2024-03-14</subfield>
    <subfield code="e">193</subfield>
    <subfield code="l">1</subfield>
    <subfield code="m">1</subfield>
    <subfield code="o">DS 586 &#xE0A;152&#xE04; 2566</subfield>
    <subfield code="p">3961222768</subfield>
    <subfield code="r">2024-05-27 00:00:00</subfield>
    <subfield code="s">2024-05-09</subfield>
    <subfield code="w">2024-03-14</subfield>
    <subfield code="y">GB</subfield>
  </datafield>
</record>
